000 00850nam a2200229Ii 4500
003 JO-AjNU
008 230605s9999||||xx |||||||||||||| ||und||
017 _a2005/4727
020 _a99901-06-50-9
040 _aJO-AjNU
_bara
_erda
_cJO-AjNU
041 _aara
050 1 4 _aK4430.2010
100 3 _aالمتيوتي، صالح إبراهيم,
_eauthor
_953113
245 0 0 _aالمالية العامة والتشريع المالي في ضوء القانون البحريني
250 _aط2
264 3 1 _aالبحرين : جامعة البحرين ، 2005
300 _a380ص
_bيشتمل على مراجع ببلوغرافية ص (357-366)
336 _atext
_btxt
_2rdacontent
337 _aunmediated
_bn
_2rdamedia
338 _avolume
_bnc
_2rdacarrier
650 4 _aالمالية العامة -- قوانين وتشريعات
_953114
999 _aA23569
_c27137
_d27137